| 000 | 01134nam a2200301 i 4500 | ||
|---|---|---|---|
| 005 | 20220317000605.0 | ||
| 007 | ta | ||
| 008 | 160601s2004 ck gr 000 0 spa d | ||
| 020 | _a9584204564 | ||
| 040 |
_aCO-BoRNBP _bspa _cCO-BoRNBP _erda |
||
| 041 | 0 | _aspa | |
| 082 | 0 | 4 |
_a306.872 _bR64p |
| 100 | 1 |
_aRojas de González, Nelly _eautora |
|
| 245 | 1 | 3 |
_aLa pareja _bcómo vivir juntos _cNelly Rojas de González |
| 250 | _aTercera edición | ||
| 264 | 1 |
_aBogotá _bPlaneta _c2004 |
|
| 300 |
_a254 páginas _c18 cm |
||
| 336 |
_atexto _btxt _2rdacontent |
||
| 337 |
_asin mediación _bn _2rdamedia |
||
| 338 |
_avolumen _bnc _2rdacarrier |
||
| 490 | 0 |
_aBooket _pDivulgación |
|
| 504 | _aIncluye referencias bibliográficas | ||
| 505 | 1 | _aConstitución de la pareja -- Relaicones extraconyugales -- La pareja joven ; Separación de las parejas en Colombia -- Maltrato físico y psicológico -- Tratamiento de la pareja -- Una nueva perspectiva | |
| 650 | 1 | 7 |
_aRelaciones de pareja _xAspectos psicológicos _2LEMB |
| 650 | 1 | 7 |
_aFamilia _xAspectos psicológicos _2LEMB |
| 650 | 1 | 7 |
_aRelaciones de familia _2LEMB |
| 942 |
_2ddc _cBK |
||
| 999 |
_c4489 _d4489 |
||